000 00851nab a2200253 u 4500
001 14138
003 HDC
007 cr bn ---aaaaa
008 210214c my dr|nes 0 |0may
040 _aHDC
100 _aSYARIFAH DAYANA SYED BAKRI,
_eauthor
_97667
245 0 _aKerjasama ECER-GCC /
_cby SYARIFAH DAYANA SYED BAKRI
260 _a[no place] :
_b[publisher not identified],
_c[no year]
336 _atext
_2rdacontent
337 _acomputer
_2rdamedia
338 _aonline resource
_2rdacarrier
650 _aForeign relation
_99191
650 _aInternational relation
_99192
710 _aMY METRO
856 _zRequest full-text at [email protected]
942 _2lcc
942 _cNEWS
942 _kNWSO 004406
999 _c11454
_d11454